LEADER 00760nam a2200217 i 4500 001 000000223677 003 CaOOAMICUS 005 20131017000000.0 008 131017s1792 it u000 u fre u 013 $a202575 026 $aE.RE e-un cee. esvo (3) 1792 (A) 040 $aSeMil$bita 245 10$aTome 61. 300 $a[4], 336 p. 500 $aContiene : Dictionnaire philosophique. 773 0 $aVoltaire <1694-1778>$tOeuvres completes de m. de Voltaire. Tome 1. [-100.].$dA Lyon : Chez J. B. Delamollière, 1791-1792.$g61$w()28886 850 $aSeMil 852 $aSeMil$W1$xVenegono$y1$m2Q I 141 FA$j174023$B174023$CSeMilBibl$Z2$F184257 $8I 941 1 $a10 961 $aRecupero: Mantegazza 996 $6245$aTome 61$9(OLS)http://semarc/title/320714 LEADER 00962nam a2200241 i 4500 001 000000107728 003 CaOOAMICUS 005 20180207000000.0 008 180207s1960 xx u000 u fre u 013 $a80186 040 $aSeMil$bita 100 1 $aJeanson, Francis.$0(OLS)http://semarc/name/38247 245 10$aSartre par lui-même /$cFrancis Jeanson. 260 $aParis :$bÉditions du Seuil,$cstampa 1960. 300 $a191 p. :$bill. ;$c18 cm. 490 0 $aMicrocosme. Écrivains de toujours ;$v29 600 14$aSartre, Jean-Paul <1905-1980>.$0(OLS)http://semarc/subject/6044 830 0$aMicrocosme. Écrivains de toujours ;$v29.$0(OLS)http://semarc/title/20950 850 $aSeMil 852 $aSeMil$W1$xVenegono$y1$m2P I 714$j63824$B63824$CSeMilBibl$Z2$F221005 $81 961 $aOmaggio: Altro 996 $6245$aSartre par lui-même$9(OLS)http://semarc/title/407165 996 $6260$aParis :$bÉditions du Seuil$9(OLS)http://semarc/publisher/29806